[Event "Mittelfrank Regionalliga Nord-West 2223"]
[Site "Mittelfranken"]
[Date "2022.11.27"]
[Round "3.2"]
[White "Amtmann, Florian"]
[Black "Bardorz, Jana"]
[Result "0-1"]
[WhiteElo "2109"]
[BlackElo "2091"]
[PlyCount "102"]
[EventDate "2022.10.09"]
[EventType "team-tourn"]
[EventRounds "9"]
[EventCountry "GER"]
[SourceTitle "EXT 2024"]
[Source "ChessBase"]
[SourceDate "2023.10.10"]
[SourceVersion "1"]
[SourceVersionDate "2023.10.10"]
[SourceQuality "1"]
[WhiteTeam "Stetten"]
[BlackTeam "Rottendorf"]
[WhiteTeamCountry "GER"]
[BlackTeamCountry "GER"]

1. d4 d5 2. c4 e6 3. Nc3 Nf6 4. cxd5 exd5 5. Bg5 Be7 6. e3 h6 7. Bh4 0-0 8. Bd3 c6 9. Nge2 Re8 10. f3 Nbd7 11. 0-0 b5 12. Qd2 Bb7 13. Bf2 Rc8 14. Kh1 a6 15. Bf5 g6 16. Bh3 Kg7 17. Nf4 Qb6 18. Nd3 b4 19. Na4 Qb5 20. Nac5 Nxc5 21. Nxc5 Rcd8 22. a4 Qb6 23. a5 Qb5 24. Rfc1 Bc8 25. g4 Bxc5 26. Rxc5 Qb7 27. Bf1 Nd7 28. Rcc1 c5 29. dxc5 Ne5 30. Qd4 Kh7 31. Be2 Nc6 32. Qd2 d4 33. exd4 Ne5 34. c6 Nxc6 35. Kg1 Be6 36. Rc5 Bd5 37. Rac1 Re6 38. Bd1 Qe7 39. Ba4 Qf6 40. Rxd5 Rxd5 41. Bb3 Rxd4 42. Qc2 Red6 43. Rf1 Rd2 44. Qe4 Nd4 45. Bc4 Nxf3+ 46. Kg2 Ng5 47. Qe3 Qd4 48. Qxd4 R6xd4 49. Bxa6 Rxg4+ 50. Kh1 Nf3 51. h3 Rxf2 0-1

[Event "Regionalliga Nord-West 1819"]
[Site "Bayern"]
[Date "2019.04.07"]
[Round "9.2"]
[White "Kopp, Andre"]
[Black "Amtmann, Florian"]
[Result "1/2-1/2"]
[WhiteElo "2109"]
[BlackElo "2089"]
[PlyCount "40"]
[EventDate "2018.10.21"]
[EventType "team-tourn"]
[EventRounds "9"]
[EventCountry "GER"]
[SourceTitle "EXT 2022"]
[Source "ChessBase"]
[SourceDate "2021.10.06"]
[SourceVersion "1"]
[SourceVersionDate "2021.10.06"]
[SourceQuality "1"]
[WhiteTeam "Marktleuthen"]
[BlackTeam "Stetten"]
[WhiteTeamCountry "GER"]
[BlackTeamCountry "GER"]

1. e4 c5 2. Nc3 a6 3. f4 e6 4. Nf3 d5 5. d3 Nc6 6. g3 Nf6 7. e5 Ng8 8. Bg2 h5 9. 0-0 Nh6 10. a4 Nf5 11. Ne2 Rb8 12. Bd2 b5 13. axb5 axb5 14. h3 Qb6 15. c3 c4+ 16. d4 b4 17. g4 hxg4 18. hxg4 Nh4 19. Nxh4 Rxh4 20. Bf3 Be7 1/2-1/2

[Event "Heusenstamm Sparkassen op-A 5th"]
[Site "Heusenstamm"]
[Date "2018.11.25"]
[Round "6"]
[White "Oezdemir, Ali Oezden"]
[Black "Amtmann, Florian"]
[Result "0-1"]
[WhiteElo "1972"]
[BlackElo "2120"]
[PlyCount "146"]
[EventDate "2018.11.22"]
[EventType "swiss"]
[EventRounds "7"]
[EventCountry "GER"]
[SourceTitle "CBM 188 Extra"]
[Source "ChessBase"]
[SourceDate "2019.02.26"]
[SourceVersion "1"]
[SourceVersionDate "2019.02.26"]
[SourceQuality "1"]

1. e4 c5 2. Nf3 d6 3. d4 cxd4 4. Nxd4 Nf6 5. f3 e5 6. Nb3 d5 7. Bg5 d4 8. c3 Nc6 9. Bb5 Qb6 10. Qd3 a6 11. Bxc6+ bxc6 12. cxd4 exd4 13. Qxd4 c5 14. Qa4+ Bd7 15. Qa5 Rb8 16. Qxb6 Rxb6 17. N1d2 Be6 18. Rc1 Rb4 19. Rc2 a5 20. Nxa5 Ra4 21. Nac4 Rxa2 22. 0-0 Be7 23. Be3 0-0 24. Ne5 Nd7 25. Nc6 Bf6 26. e5 Nxe5 27. Nxe5 Bxe5 28. Rxc5 Bxb2 29. Ne4 Re8 30. Bf2 h6 31. h3 Rea8 32. Nc3 R2a5 33. Rxa5 Rxa5 34. Ne4 f5 35. Nc5 Bf7 36. Rd1 Be5 37. Nd7 Bf4 38. g3 Bc7 39. Bb6 Bxb6+ 40. Nxb6 Rb5 41. Nc8 Rc5 42. Nd6 Bd5 43. Nxf5 Bxf3 44. Ne7+ Kh7 45. Rd3 Bb7 46. g4 Rc2 47. Nf5 Be4 48. Rd7 Bxf5 49. gxf5 Kg8 50. Rb7 Rc5 51. f6 Rg5+ 52. Kf2 Rf5+ 53. Kg3 Rxf6 54. h4 Rg6+ 55. Kf4 h5 56. Kf5 Rg4 57. Ra7 Kh7 58. Rb7 Kh6 59. Rb8 g6+ 60. Kf6 Rf4+ 61. Ke5 Rxh4 62. Kf6 Rf4+ 63. Ke5 Rf1 64. Ke4 h4 65. Ke3 Kg5 66. Ke2 Rf7 67. Rh8 Kg4 68. Rh6 g5 69. Ke1 h3 70. Rh8 Kg3 71. Rh6 h2 72. Rh5 g4 73. Rh6 Kg2 0-1

[Event "Heusenstamm Sparkassen op-A 5th"]
[Site "Heusenstamm"]
[Date "2018.11.23"]
[Round "2"]
[White "Sumets, Andrey"]
[Black "Amtmann, Florian"]
[Result "1-0"]
[WhiteElo "2580"]
[BlackElo "2120"]
[PlyCount "86"]
[EventDate "2018.11.22"]
[EventType "swiss"]
[EventRounds "7"]
[EventCountry "GER"]
[SourceTitle "CBM 188 Extra"]
[Source "ChessBase"]
[SourceDate "2019.02.26"]
[SourceVersion "1"]
[SourceVersionDate "2019.02.26"]
[SourceQuality "1"]

1. d4 Nf6 2. c4 g6 3. Nc3 Bg7 4. e4 0-0 5. Nf3 d6 6. Be2 e5 7. 0-0 Nc6 8. d5 Ne7 9. Qc2 Nd7 10. Rd1 h6 11. b4 a5 12. c5 dxc5 13. bxc5 Nxc5 14. Ba3 b6 15. Bxc5 bxc5 16. Nb5 Ba6 17. Qxc5 Bxb5 18. Bxb5 Qd6 19. Rac1 Rfc8 20. a4 g5 21. Nd2 Bf8 22. Qxd6 cxd6 23. Rxc8 Nxc8 24. Nc4 Na7 25. Bd7 Rd8 26. Bf5 Nc8 27. Nxa5 Ne7 28. Nc6 Ra8 29. a5 Kg7 30. Ra1 Kf6 31. g4 Nxf5 32. gxf5 Be7 33. a6 Bd8 34. a7 Bb6 35. Kg2 h5 36. Rb1 Bc5 37. Rb7 g4 38. f3 Kg5 39. fxg4 hxg4 40. Kg3 Rh8 41. h4+ Rxh4 42. a8Q Rh3+ 43. Kg2 Kf4 1-0

[Event "Deizisau op 13th"]
[Site "Deizisau"]
[Date "2018.10.29"]
[Round "7"]
[White "Amtmann, Florian"]
[Black "Neyman, Igor"]
[Result "0-1"]
[WhiteElo "2087"]
[BlackElo "2305"]
[PlyCount "114"]
[EventDate "2018.10.26"]
[EventType "swiss"]
[EventRounds "7"]
[EventCountry "GER"]
[SourceTitle "CBM 187 Extra"]
[Source "ChessBase"]
[SourceDate "2018.11.04"]
[SourceVersion "1"]
[SourceVersionDate "2018.11.04"]
[SourceQuality "1"]

1. e4 c5 2. d4 cxd4 3. c3 dxc3 4. Nxc3 e6 5. Nf3 Nc6 6. Bc4 d6 7. 0-0 Be7 8. Qe2 a6 9. Rd1 b5 10. Bb3 Ra7 11. Be3 Rd7 12. Rac1 Bb7 13. Nd4 Nxd4 14. Bxd4 Nf6 15. g4 Qa8 16. Re1 h6 17. f4 g5 18. fxg5 hxg5 19. Rf1 Rh6 20. h4 Nxe4 21. Nxe4 Bxe4 22. h5 Rh7 23. Bf6 Bxf6 24. Rxf6 d5 25. a4 Qb8 26. Qf2 Qa7 27. Qc5 Qxc5+ 28. Rxc5 Ke7 29. Rf1 bxa4 30. Bxa4 Rb7 31. b3 Kd6 32. Rc8 f5 33. Rg8 Rbg7 34. Ra8 fxg4 35. Rxa6+ Ke5 36. Be8 Rb7 37. Bg6 Rh6 38. Re1 Rxb3 39. Bxe4 dxe4 40. Ra4 e3 41. Rxg4 Rxh5 42. Kg2 Kf5 43. Ra4 Rh4 44. Ra5+ e5 45. Ra8 Rf4 46. Kg3 e2+ 47. Kg2 Re3 48. Ra2 Rfe4 49. Rb2 g4 50. Ra2 g3 51. Ra8 Rf4 52. Kg1 Ke4 53. Kg2 Rf2+ 54. Kg1 Rd3 55. Raa1 Kf3 56. Rab1 g2 57. Kh2 Rf1 0-1

[Event "Deizisau op 13th"]
[Site "Deizisau"]
[Date "2018.10.29"]
[Round "6"]
[White "Arnold, Max"]
[Black "Amtmann, Florian"]
[Result "1-0"]
[WhiteElo "2267"]
[BlackElo "2087"]
[PlyCount "69"]
[EventDate "2018.10.26"]
[EventType "swiss"]
[EventRounds "7"]
[EventCountry "GER"]
[SourceTitle "CBM 187 Extra"]
[Source "ChessBase"]
[SourceDate "2018.11.04"]
[SourceVersion "1"]
[SourceVersionDate "2018.11.04"]
[SourceQuality "1"]

1. e4 c5 2. c3 g6 3. d4 cxd4 4. cxd4 d5 5. e5 Bg7 6. Nc3 Nh6 7. h3 0-0 8. Nf3 f5 9. Qb3 e6 10. Bg5 Qa5 11. Bd2 Qd8 12. Rc1 Nf7 13. h4 h6 14. Rg1 Nc6 15. g4 Kh8 16. gxf5 gxf5 17. Ne2 Kh7 18. Nf4 Rg8 19. Qe3 Bh8 20. Rxg8 Qxg8 21. Bh3 Bd7 22. Ke2 Ne7 23. Rg1 Qc8 24. Kd1 Qc4 25. b3 Qa6 26. a4 b5 27. Bf1 Qc8 28. axb5 Rb8 29. Nh5 Qe8 30. Nf6+ Bxf6 31. exf6 Ng6 32. h5 Nf8 33. Rg7+ Kh8 34. Ne5 Ng5 35. Rxg5 1-0

[Event "Regionalliga NW 1617"]
[Site "Bayern"]
[Date "2016.11.20"]
[Round "2.3"]
[White "Behl, Claus"]
[Black "Amtmann, Florian"]
[Result "0-1"]
[WhiteElo "2031"]
[BlackElo "2038"]
[PlyCount "96"]
[EventDate "2016.10.16"]
[EventType "team-tourn"]
[EventRounds "9"]
[EventCountry "GER"]
[SourceTitle "EXT 2019"]
[Source "ChessBase"]
[SourceDate "2018.10.10"]
[SourceVersion "1"]
[SourceVersionDate "2018.10.10"]
[SourceQuality "1"]
[WhiteTeam "Moembris"]
[BlackTeam "Stetten"]
[WhiteTeamCountry "GER"]
[BlackTeamCountry "GER"]

1. d4 Nf6 2. c4 g6 3. f3 Bg7 4. e4 0-0 5. Nc3 d6 6. Be3 c5 7. Nge2 Nc6 8. Qd2 Qa5 9. d5 Ne5 10. b3 e6 11. Rd1 a6 12. Nf4 Ne8 13. Na4 Qc7 14. Be2 Bd7 15. dxe6 fxe6 16. 0-0 b5 17. Nb2 b4 18. Nbd3 Rf7 19. Nxe5 Bxe5 20. Nh3 a5 21. Ng5 Re7 22. f4 Bc3 23. Qd3 Ra7 24. Bg4 Qc8 25. Kh1 a4 26. f5 exf5 27. exf5 axb3 28. axb3 Ra3 29. fxg6 Bxg4 30. gxh7+ Kg7 31. Rf8 Kxf8 32. Qxc3 Rxh7 33. Nxh7+ Kg8 34. Qd3 Qf5 35. h3 Qxd3 36. Rxd3 Bf5 37. Nf6+ Nxf6 38. Rxd6 Ne4 39. Rd5 Rxb3 40. Bxc5 Nxc5 41. Rxf5 Rb1+ 42. Kh2 Nd3 43. Rd5 Nf4 44. Rb5 b3 45. c5 b2 46. c6 Nd3 47. c7 Rc1 48. Rb7 Rxc7 0-1

[Event "Unterfranken-ch M1 63th"]
[Site "Schweinfurt"]
[Date "2012.04.10"]
[Round "2"]
[White "Amtmann, Florian"]
[Black "Hofstetter, Hans Joachim"]
[Result "1-0"]
[WhiteElo "2055"]
[BlackElo "2120"]
[PlyCount "43"]
[EventDate "2012.04.09"]
[EventType "swiss"]
[EventRounds "9"]
[EventCountry "GER"]
[SourceTitle "EXT 2015"]
[Source "ChessBase"]
[SourceDate "2014.11.20"]
[SourceVersion "1"]
[SourceVersionDate "2014.11.20"]
[SourceQuality "1"]

1. e4 e5 2. Nf3 Nc6 3. Bb5 a5 4. 0-0 Na7 5. Be2 d6 6. d4 exd4 7. Nxd4 Nf6 8. Nc3 Be7 9. f4 0-0 10. Be3 Bd7 11. e5 Ne8 12. Bd3 Nc6 13. Nxc6 Bxc6 14. Qh5 g6 15. Qh6 Ng7 16. Rad1 Qc8 17. f5 gxf5 18. exd6 cxd6 19. Bd4 f6 20. Bc4+ Kh8 21. Rf4 Be8 22. Rh4 1-0

[Event "Unterfranken-ch M1 63th"]
[Site "Schweinfurt"]
[Date "2012.04.09"]
[Round "1"]
[White "Golda, Harald"]
[Black "Amtmann, Florian"]
[Result "0-1"]
[WhiteElo "2274"]
[BlackElo "2055"]
[PlyCount "100"]
[EventDate "2012.04.09"]
[EventType "swiss"]
[EventRounds "9"]
[EventCountry "GER"]
[SourceTitle "EXT 2015"]
[Source "ChessBase"]
[SourceDate "2014.11.20"]
[SourceVersion "1"]
[SourceVersionDate "2014.11.20"]
[SourceQuality "1"]

1. d4 Nf6 2. Nf3 g6 3. c4 Bg7 4. g3 0-0 5. Bg2 d6 6. 0-0 Nbd7 7. Nc3 e5 8. d5 a5 9. h3 Nc5 10. Be3 Nh5 11. Qd2 f5 12. Bg5 Qe8 13. Bh6 f4 14. Bxg7 Kxg7 15. g4 Nf6 16. Ng5 Qe7 17. Nge4 Nfxe4 18. Nxe4 Nxe4 19. Bxe4 Qh4 20. Bg2 h5 21. f3 Bd7 22. Rac1 b6 23. Qe1 Qe7 24. Rc3 hxg4 25. fxg4 e4 26. Qd2 Qe5 27. Rd1 Rae8 28. Qd4 Kh6 29. Qxe5 Rxe5 30. Rd4 Rfe8 31. e3 f3 32. Bf1 Kg5 33. Kf2 Bxg4 34. hxg4 Kxg4 35. Bd3 Rh8 36. Bxe4 Rh2+ 37. Kg1 Rxb2 38. Bxg6+ Kg3 39. Bc2 Rxa2 40. e4 Rg5 41. Rd2 Kf4+ 42. Kf1 Rh5 43. Kg1 Rh3 44. Rcd3 Ra1+ 45. Bd1 a4 46. Rd4 a3 47. e5+ Kxe5 48. Kf2 a2 49. Ke3 f2+ 50. Kxf2 Rb1 0-1

[Event "Unterfranken-ch M2 62th"]
[Site "Gerolzhofen"]
[Date "2011.04.28"]
[Round "6"]
[White "Amtmann, Florian"]
[Black "Markert, Markus"]
[Result "1-0"]
[WhiteElo "2000"]
[BlackElo "1872"]
[PlyCount "83"]
[EventDate "2011.04.25"]
[EventType "swiss"]
[EventRounds "9"]
[EventCountry "GER"]
[SourceTitle "EXT 2015"]
[Source "ChessBase"]
[SourceDate "2014.11.20"]
[SourceVersion "1"]
[SourceVersionDate "2014.11.20"]
[SourceQuality "1"]

1. e4 c5 2. Nf3 e6 3. c3 Nc6 4. d4 cxd4 5. cxd4 d5 6. e5 Qb6 7. Nc3 Bd7 8. a3 Rc8 9. Na4 Qc7 10. b4 Nge7 11. Bd3 Nxd4 12. Nxd4 Qxe5+ 13. Be3 Nc6 14. Nf3 Qh5 15. Be2 Ne5 16. Nxe5 Qxe5 17. 0-0 Bd6 18. g3 Qf6 19. Nc5 Bxc5 20. Bxc5 b6 21. Bd4 e5 22. Bb2 Qe6 23. Bf3 e4 24. Bxg7 Rg8 25. Bd4 Rg6 26. Bg2 f5 27. Be3 Ke7 28. Qd2 Rcg8 29. Rfd1 Bc6 30. Rac1 Rd8 31. h4 h6 32. b5 Bb7 33. Qd4 Rd7 34. Bf4 Rg4 35. Rc3 Rxf4 36. gxf4 Qf6 37. Qxf6+ Kxf6 38. Rdc1 d4 39. Rc7 Rxc7 40. Rxc7 d3 41. Rxb7 Ke6 42. Kf1 1-0

[Event "Unterfranken-ch M2 62th"]
[Site "Gerolzhofen"]
[Date "2011.04.28"]
[Round "5"]
[White "Simon, Jonathan"]
[Black "Amtmann, Florian"]
[Result "0-1"]
[WhiteElo "1694"]
[BlackElo "2000"]
[PlyCount "106"]
[EventDate "2011.04.25"]
[EventType "swiss"]
[EventRounds "9"]
[EventCountry "GER"]
[SourceTitle "EXT 2015"]
[Source "ChessBase"]
[SourceDate "2014.11.20"]
[SourceVersion "1"]
[SourceVersionDate "2014.11.20"]
[SourceQuality "1"]

1. d4 Nf6 2. c4 g6 3. Nc3 Bg7 4. e4 d6 5. Nf3 0-0 6. h3 e5 7. d5 a5 8. Bg5 h6 9. Be3 Na6 10. Be2 Qe7 11. 0-0 Nc5 12. Nd2 Nfd7 13. Nb3 f5 14. Bf3 f4 15. Bc1 Nf6 16. Nxc5 dxc5 17. Rb1 Rf7 18. a3 Bf8 19. Bd2 Rg7 20. Bg4 Nxg4 21. hxg4 Qg5 22. f3 h5 23. gxh5 gxh5 24. Rf2 Ra6 25. Kf1 Rag6 26. Ke2 b6 27. Qh1 Ba6 28. b3 h4 29. Qh3 Qd8 30. Rh1 Be7 31. Kf1 Bc8 32. Qh2 Rg3 33. Ne2 h3 34. Rg1 hxg2+ 35. Rgxg2 a4 36. b4 Bh4 37. Nxg3 fxg3 38. Qg1 Qf6 39. f4 gxf2 40. Rxg7+ Qxg7 41. Qxg7+ Kxg7 42. f5 b5 43. bxc5 bxc4 44. Bc3 Kf6 45. d6 cxd6 46. cxd6 Bxf5 47. exf5 Kxf5 48. d7 Ke6 49. Kg2 Kxd7 50. Bxe5 Ke6 51. Bd4 Kd5 52. Bc3 Ke4 53. Kf1 Kd3 0-1

[Event "Unterfranken-ch M2 62th"]
[Site "Gerolzhofen"]
[Date "2011.04.25"]
[Round "1"]
[White "Roessner, Uwe"]
[Black "Amtmann, Florian"]
[Result "0-1"]
[WhiteElo "1838"]
[BlackElo "2000"]
[PlyCount "90"]
[EventDate "2011.04.25"]
[EventType "swiss"]
[EventRounds "9"]
[EventCountry "GER"]
[SourceTitle "EXT 2015"]
[Source "ChessBase"]
[SourceDate "2014.11.20"]
[SourceVersion "1"]
[SourceVersionDate "2014.11.20"]
[SourceQuality "1"]

1. Nf3 Nf6 2. g3 g6 3. Bg2 Bg7 4. c4 0-0 5. 0-0 d6 6. Nc3 Nbd7 7. d3 e5 8. Bg5 h6 9. Bxf6 Nxf6 10. Qc2 c6 11. Rab1 Re8 12. b4 a6 13. a4 d5 14. Nd2 Bg4 15. Rfe1 Rc8 16. b5 axb5 17. axb5 Be6 18. bxc6 bxc6 19. Rb7 Nd7 20. Na4 f5 21. Nb3 e4 22. Nbc5 Nxc5 23. Nxc5 Qa5 24. Rxg7+ Kxg7 25. Nxe6+ Rxe6 26. Qb2+ Kg8 27. Ra1 Qc7 28. cxd5 cxd5 29. dxe4 dxe4 30. e3 Qe5 31. Qa2 Kg7 32. Bf1 Rec6 33. Rd1 Rd6 34. Qa7+ Kh8 35. Rb1 Rdc6 36. Rd1 Qc7 37. Qd4+ Qg7 38. Qa4 h5 39. Kg2 h4 40. Ba6 R8c7 41. Bb7 Rc2 42. Rb1 h3+ 43. Kxh3 Rxf2 44. Qe8+ Kh7 45. Qd8 Re7 0-1

[Event "Unterfranken-ch M2 59th"]
[Site "Rieneck"]
[Date "2008.03.26"]
[Round "4"]
[White "Amtmann, Florian"]
[Black "Bachmann, Wolfgang"]
[Result "1/2-1/2"]
[WhiteElo "1939"]
[BlackElo "1929"]
[PlyCount "75"]
[EventDate "2008.03.24"]
[EventType "swiss"]
[EventRounds "9"]
[EventCountry "GER"]
[SourceTitle "EXT 2015"]
[Source "ChessBase"]
[SourceDate "2014.11.20"]
[SourceVersion "1"]
[SourceVersionDate "2014.11.20"]
[SourceQuality "1"]

1. d4 f5 2. g4 fxg4 3. h3 g3 4. fxg3 Nf6 5. Bf4 d5 6. Bg2 e6 7. e3 Bd6 8. c4 0-0 9. c5 Bxf4 10. exf4 Nc6 11. Nc3 b6 12. cxb6 cxb6 13. Nge2 Qe8 14. 0-0 Qg6 15. g4 Bd7 16. Ng3 Rac8 17. Qd2 Kh8 18. f5 exf5 19. Nxf5 Bxf5 20. Rxf5 Ne7 21. Rf2 Rfd8 22. Re1 Nfg8 23. Rfe2 Rc7 24. Re5 Rcd7 25. Qe3 Qh6 26. Qxh6 gxh6 27. Re6 Ng6 28. Bf1 N8e7 29. Kh2 Kg7 30. Kg3 Rd6 31. R6e2 Nc6 32. Rd2 Nge7 33. Ne2 Ng8 34. a3 Nf6 35. Nf4 Re8 36. Rd3 Nd8 37. Rc3 Re7 38. Rcc1 1/2-1/2

[Event "Unterfranken-ch M2 58th"]
[Site "Wuerzburg"]
[Date "2007.??.??"]
[Round "9"]
[White "Mueller, Lutz"]
[Black "Amtmann, Florian"]
[Result "1-0"]
[WhiteElo "1944"]
[BlackElo "1957"]
[PlyCount "80"]
[EventDate "2007.04.09"]
[EventType "swiss"]
[EventRounds "9"]
[EventCountry "GER"]
[SourceTitle "EXT 2015"]
[Source "ChessBase"]
[SourceDate "2014.11.20"]
[SourceVersion "1"]
[SourceVersionDate "2014.11.20"]
[SourceQuality "1"]

1. d4 d5 2. Nf3 e6 3. e3 c5 4. b3 cxd4 5. exd4 Nf6 6. Bd3 Bb4+ 7. c3 Be7 8. 0-0 0-0 9. Qe2 b6 10. Nbd2 Bb7 11. Ne5 Nbd7 12. f4 Rc8 13. Bb2 g6 14. Rae1 Re8 15. g4 Nxe5 16. fxe5 Nd7 17. Rf3 f5 18. Rff1 Kh8 19. a4 Rg8 20. Ra1 Nb8 21. Nb1 a6 22. Kg2 Rc7 23. Na3 Qc8 24. Nb1 Rf8 25. Ra2 f4 26. Qf3 Kg7 27. Ba1 a5 28. Rh1 g5 29. Rf2 Rh8 30. Bc2 Bc6 31. Bb2 b5 32. axb5 Bxb5 33. h4 gxh4 34. g5 Bxg5 35. Qh5 Kf8 36. Ba3+ Re7 37. Rxh4 Rg8 38. Kh1 h6 39. Rhxf4+ Bxf4 40. Rxf4+ Kg7 1-0